000 00737nam a22002417a 4500
003 DO-SdBNP
005 20240530073927.0
007 ta
008 221123b2022 dr ||||| |||| 00| 0 spa d
020 _a9789945222128
040 _aDO-SdBNP
_bspa
_cBNPHU
082 4 _aRD863.44
_bG934e
_222
100 1 _aGuerrero, Laureano
_982864
245 1 3 _aEl elegido :
_bnovela /
_cLaureano Guerrero
260 _aSanto Domingo :
_bBúho,
_c2022.
300 _a139 p. ;
_c23 cm.
500 _aIncluye datos biográficos del autor en la solapa de la cubierta
590 _aInventariado, 2022/BT
650 0 _aNovela dominicana
_9223
650 4 _aLiteratura dominicana
910 _aBtavárez/Validado. Control de calidad MFF
942 _2ddc
_cLBS1
999 _c52992
_d52992